[Event "EIWCC 2018"]
[Site "Vysoke Tatry"]
[Date "2018.04.10"]
[Round "3"]
[White "Trisha, Kanyamarala"]
[Black "Mikadze, Miranda"]
[Result "0-1"]
[WhiteElo "2031"]
[BlackElo "2216"]
[Annotator "TA"]
[PlyCount "122"]
[EventDate "2018.??.??"]
[EventType "swiss"]
[EventCountry "SVK"]
[SourceTitle "playchess.com"]
[Source "ChessBase"]
[SourceQuality "1"]

{[%evp 13,122,10,22,-24,-20,-33,0,0,1,-11,-14,-8,-7,-11,-20,-4,34,-7,-6,-5,-6,-14,-17,-12,0,0,0,-23,-9,-16,4,-12,10,0,61,34,49,20,31,14,23,0,0,0,13,0,-4,-8,0,-16,-15,-14,-22,-14,-8,-18,-18,-18,-18,-18,-18,-18,-18,-18,0,-18,-18,-18,-18,-18,-18,-27,-27,-27,-18,-52,-76,-226,-223,-214,-219,-196,-95,-89,-89,-160,-154,-349,-332,-340,-415,-340,-343,-765,-758,-887,-873,-862,-519,-805,-825,-1231,-1234,-1207,-1221,-1184,-1114,-1179,-1103,-29987,-29988]} 1. Nf3 d5 2. c4 c6 3. g3 Bg4 4. Bg2 e6 5. Ne5 Bh5 6. cxd5 exd5 {A11: English Opening: 1...c6} 7. d4 Nd7 {LiveBook: 6 Games} 8. Bf4 Nxe5 {Black has an edge.} 9. Bxe5 Qb6 $146 ({Predecessor:} 9... Ne7 10. Qc2 Qd7 11. e4 Bg6 12. O-O dxe4 13. Bxe4 f6 14. Bf4 Bxe4 15. Qxe4 {0-1 (55) Grimm,S (2320)-Kveinys,A (2515) Bonn 1995}) 10. Qd2 Ne7 11. Bd6 Nf5 12. Bxf8 Kxf8 13. e3 Nd6 14. b3 Ne4 15. Qb2 (15. Bxe4 $5 dxe4 16. O-O $14) 15... Qb5 16. Qa3+ Kg8 {[%csl Gh5][%cal Rb5e2]} 17. Bf1 Qb6 {...c5 is the strong threat.} 18. Bg2 Qb5 {[%csl Gh5][%cal Rb5e2]} 19. Bf1 Qb6 {White must now prevent ...c5.} 20. Bg2 Re8 21. O-O h6 22. Qb2 Kh7 23. Nd2 Ng5 ({Black should try} 23... Nd6 $11) 24. h3 f6 25. Rfe1 a5 26. Qc3 Re7 27. Rac1 Rhe8 28. a3 Ne6 29. Rf1 Nc7 30. Qc5 (30. Qb2 {with more complications.} Nb5 31. Bf3 Bg6 32. Nb1 Bd3 33. Rfd1) 30... Qxc5 31. Rxc5 Ra8 32. Rfc1 g5 33. Bf1 f5 {[%cal Bf6f5,Bf5f4][%mdl 32]} 34. Bd3 {And now g4 would win.} Bg6 35. Nf3 {next Ne5 is good for White.} f4 36. Bxg6+ Kxg6 37. Ne5+ Kg7 38. a4 Ne8 39. Kg2 fxe3 40. fxe3 Nd6 41. Rf1 Ra6 42. Rc2 Rb6 43. Rb1 Ne4 44. Kf3 {[#]} c5 $1 {[%cal Bc6c5,Bc5c4,Bc4c3][%mdl 544]} 45. Kg2 {[#]} (45. Rbb2 $17) (45. dxc5 Rf6+) 45... c4 $1 $19 {[%mdl 512]} 46. Rcb2 (46. bxc4 Rxb1) 46... c3 47. Rc2 Rxe5 (47... h5 $19 {and Black stays clearly on top.} 48. g4 h4) 48. dxe5 {[%mdl 4096] Endgame KRR-KRN} Kf7 $1 49. Rf1+ (49. Kf3 $142) 49... Ke7 $1 $17 ({Worse is} 49... Ke6 50. Rxc3 $1 {[%mdl 512]} Kxe5 51. Rd3 $16) 50. Rf6 $2 (50. Rb1 $17 {was necessary.}) 50... Rxb3 $19 ({Less strong is} 50... Nxf6 51. exf6+ Kxf6 52. Rxc3 $15) 51. Rxh6 {[#]} b5 $1 {Hoping for ...Rb2.} 52. Kf3 b4 {Threatens to win with ...Rb1.} 53. Rh7+ $2 (53. Rc1 Ra3 54. Rd1) 53... Ke6 54. Rc7 Rb2 55. Rc1 Rf2+ 56. Kg4 Rg2 57. h4 Rxg3+ 58. Kh5 gxh4 59. Kxh4 Rxe3 60. Kg4 Kxe5 61. Rd1 Nf2+ {Precision: White = 37%, Black = 55%.} 0-1

[Event "EIWCC 2018"]
[Site "Vysoke Tatry"]
[Date "2018.04.10"]
[Round "3"]
[White "Nemcova, Karin"]
[Black "Warakomska, Anna"]
[Result "1-0"]
[WhiteElo "1992"]
[BlackElo "2306"]
[Annotator "NA"]
[PlyCount "101"]
[EventDate "2018.??.??"]
[EventType "swiss"]
[EventCountry "SVK"]
[SourceTitle "playchess.com"]
[Source "ChessBase"]
[SourceQuality "1"]
[TimeControl "40/5400+30:1800+30"]

1. e4 {[%emt 0:00:00]} c5 {[%emt 0:00:24]} 2. Nf3 {[%emt 0:00:00]} e6 {[%emt 0:00:05]} 3. d4 {[%emt 0:00:34]} cxd4 {[%emt 0:00:04]} 4. Nxd4 {[%emt 0:00:12]} Nc6 {[%emt 0:00:04]} 5. Nc3 {[%emt 0:00:18]} Qc7 {[%emt 0:00:04]} 6. f4 {[%emt 0:00:16]} a6 {[%emt 0:03:43]} 7. Nxc6 {[%emt 0:01:32]} Qxc6 {[%emt 0:00:50]} 8. Bd3 {[%emt 0:00:32]} b5 {[%emt 0:02:44]} 9. Qe2 {[%emt 0:01:33]} Be7 {[%emt 0:07:27]} 10. a3 {[%emt 0:04:38]} Bb7 {[%emt 0:01:02]} 11. Bd2 {[%emt 0:01:15]} Rc8 {[%emt 0:05:29]} 12. O-O-O {[%emt 0:05:29]} Nf6 {[%emt 0:07:47]} 13. Kb1 {[%emt 0:07:04]} Qc7 {[%emt 0:11:32]} 14. e5 {[%emt 0:10:25]} Nd5 {[%emt 0:00:41]} 15. Nxd5 {[%emt 0:00:52]} Bxd5 {[%emt 0:00:32]} 16. Rhf1 {[%emt 0:07:19]} O-O {[%emt 0:26:56]} 17. g4 {[%emt 0:08:56]} d6 {[%emt 0:08:08]} 18. Bc3 {[%emt 0:14:49]} Qb7 {[%emt 0:02:48]} 19. f5 {[%emt 0:12:39]} dxe5 {[%emt 0:01:44]} 20. fxe6 {[%emt 0:01:40]} f6 {[%emt 0:00:05]} 21. g5 {[%emt 0:07:27]} e4 {[%emt 0:11:55]} 22. Bxe4 {[%emt 0:00:41]} Bxe4 {[%emt 0:00:03]} 23. Rd7 {[%emt 0:00:06]} Rc7 {[%emt 0:00:18]} 24. Rxc7 {[%emt 0:02:02]} Bxc2+ {[%emt 0:00:03]} 25. Qxc2 {[%emt 0:00:15]} Qxc7 {[%emt 0:00:03]} 26. gxf6 {[%emt 0:00:56]} Bxf6 {[%emt 0:00:12]} 27. Qb3 {[%emt 0:01:13]} Qc4 {[%emt 0:05:19]} 28. Qxc4 {[%emt 0:00:12]} bxc4 {[%emt 0:00:01]} 29. Bb4 {[%emt 0:00:41]} Rb8 {[%emt 0:00:36]} 30. Kc2 {[%emt 0:02:59]} Bxb2 {[%emt 0:03:41]} 31. Kxb2 {[%emt 0:01:22]} a5 {[%emt 0:00:02]} 32. Kc3 {[%emt 0:00:42]} axb4+ {[%emt 0:00:04]} 33. axb4 {[%emt 0:00:07]} Re8 {[%emt 0:01:15]} 34. Re1 {[%emt 0:00:24]} Rc8 {[%emt 0:00:03]} 35. Re4 {[%emt 0:00:55]} Kf8 {[%emt 0:01:12]} 36. Rxc4 {[%emt 0:03:27]} Ra8 {[%emt 0:00:01]} 37. Kd4 {[%emt 0:02:19]} Ra2 {[%emt 0:00:01]} 38. h4 {[%emt 0:00:36]} Ke7 {[%emt 0:00:31]} 39. Kd5 {[%emt 0:00:54]} Rd2+ {[%emt 0:00:22]} 40. Kc6 {[%emt 0:00:00]} Kxe6 {[%emt 0:00:19]} 41. b5 {[%emt 0:00:59]} Rb2 {[%emt 0:00:47]} 42. b6 {[%emt 0:00:27]} g6 {[%emt 0:13:46]} 43. b7 {[%emt 0:01:33]} h6 {[%emt 0:04:35]} 44. Rc5 {[%emt 0:01:39]} Rxb7 {[%emt 0:01:39]} 45. Kxb7 {[%emt 0:00:05]} Kf6 {[%emt 0:00:02]} 46. Kc6 {[%emt 0:00:18]} g5 {[%emt 0:00:13]} 47. hxg5+ {[%emt 0:00:18]} hxg5 {[%emt 0:00:02]} 48. Kd5 {[%emt 0:00:20]} Kf5 {[%emt 0:00:01]} 49. Kd4+ {[%emt 0:00:11]} Kf4 {[%emt 0:00:05]} 50. Kd3 {[%emt 0:00:06]} g4 {[%emt 0:00:12]} 51. Ke2 {[%emt 0:00:13]} 1-0

[Event "EIWCC 2018"]
[Site "Vysoke Tatry"]
[Date "2018.04.10"]
[Round "3"]
[White "Dwilewicz, Katarzyna"]
[Black "Ozbay, Ece"]
[Result "1-0"]
[WhiteElo "1967"]
[BlackElo "2216"]
[Annotator "TA"]
[PlyCount "115"]
[EventDate "2018.??.??"]
[EventType "swiss"]
[EventCountry "SVK"]
[SourceTitle "playchess.com"]
[Source "ChessBase"]
[SourceQuality "1"]

{[%evp 31,115,61,61,60,58,61,54,43,83,36,29,21,24,30,47,9,0,0,24,0,49,0,86,87,347,313,320,316,464,299,1083,510,512,489,616,294,267,162,166,157,148,148,187,164,1036,650,1022,977,925,835,808,785,777,417,419,419,305,406,587,353,608,590,914,743,1405,1281,1247,1210,4627,4627,29972,29974,29972,29976,29978,29979,29979,29980,29980,29981,29986,29985,29985,29986,29991,29992]} 1. e4 c5 2. Nf3 e6 3. d4 cxd4 4. Nxd4 Nc6 5. Nc3 Qc7 6. g3 a6 7. Bg2 Nf6 8. O-O Nxd4 9. Qxd4 Bc5 10. Bf4 d6 11. Qd3 h6 12. Rad1 e5 13. Be3 Be6 {B47: Sicilian: Taimanov: 5 Nc3 Qc7 6 f4, 6 g3 and 6 Be2} 14. Bxc5 dxc5 15. Nd5 Bxd5 16. exd5 Qd6 $1 {LiveBook: 7 Games} 17. c4 O-O 18. Rfe1 Rae8 $146 ({Predecessor:} 18... Rfe8 19. Re2 Re7 20. Rde1 Rae8 21. a3 {1-0 (39) Amanov,Z (2382)-Cherepov,A (2218) Saratov 2008}) 19. a3 g6 20. Rb1 Nd7 21. Qd2 Kh7 22. b4 f5 23. Rb2 b6 24. Reb1 Rb8 25. a4 {[%cal Ba3a4,Ba4a5,Ba5b6,Bb6b7][%mdl 32]} e4 26. a5 $36 {[%mdl 2048] White has the initiative.} Ne5 (26... bxa5 $1 $11 {keeps the balance.} 27. bxa5 Rxb2 28. Rxb2 Rb8) 27. bxc5 $16 Qxc5 $2 {[%mdl 8192] [#]} (27... bxc5 $16 28. Rb7+ Rxb7 29. Rxb7+ Rf7) 28. Rxb6 $18 Rxb6 29. axb6 ({Less strong is} 29. Rxb6 Rf7 $16) 29... Rb8 (29... Nd7 $142 30. b7 Qd6) 30. b7 Qa7 $2 (30... Qd6 31. Qd4 Nd7) 31. Qf4 (31. Qb4 $142 {Qe7+ is the strong threat.} Nd3 32. Qe7+ Kh8 33. Qf6+ Kh7 34. Rb6 Rxb7 35. Qxg6+ Kh8 36. Qxh6+ Kg8 37. Qe6+ Rf7 38. Bh3) 31... Qd4 32. h4 Qd3 33. Rc1 (33. Rb6 $142 Qd4 34. c5) 33... Qd4 34. Qe3 Qxe3 35. fxe3 Rxb7 {[%mdl 4096] Endgame KRB-KRN} 36. c5 {[%cal Bc4c5,Bc5c6][%mdl 32]} Rc7 37. Bf1 Nd3 $2 {[#]} (37... Kg7 38. Bxa6 Kf6) 38. Bxd3 exd3 {KR-KR} 39. c6 Kg7 40. Rd1 Kf7 41. Rxd3 Ke8 42. Ra3 Ke7 43. Rxa6 Kd6 44. Ra5 g5 (44... Rc8 $142 45. Kf2 Rc7) 45. Kf2 gxh4 $2 (45... Re7 46. Kf3 Re5 47. hxg5 hxg5) 46. gxh4 Rg7 47. Rb5 Rg4 48. Rb8 Rc4 49. Rd8+ Ke5 50. Rd7 Ke4 51. c7 {White mates.} Rc2+ 52. Kg3 Rc3 53. d6 {[%cal Bd5d6,Bd6d7][%mdl 32]} f4+ 54. Kg4 h5+ 55. Kxh5 f3 56. Rf7 Ke5 57. Rf8 f2 58. d7 {Precision: White = 57%, Black = 25%.} 1-0

[Event "EIWCC 2018"]
[Site "Vysoke Tatry"]
[Date "2018.04.10"]
[Round "3"]
[White "Chan, Naruna"]
[Black "Leite Oralova, Catarina"]
[Result "1-0"]
[WhiteElo "1909"]
[BlackElo "2134"]
[Annotator "NA"]
[PlyCount "69"]
[EventDate "2018.??.??"]
[EventType "swiss"]
[EventCountry "SVK"]
[SourceTitle "playchess.com"]
[Source "ChessBase"]
[SourceQuality "1"]
[TimeControl "40/5400+30:1800+30"]

1. e4 {[%emt 0:00:00]} c5 {[%emt 0:00:06]} 2. Nf3 {[%emt 0:00:00]} e6 {[%emt 0:00:28]} 3. g3 {[%emt 0:00:15]} Nc6 {[%emt 0:01:41]} 4. Bg2 {[%emt 0:01:56]} Nf6 {[%emt 0:03:00]} 5. Nc3 {[%emt 0:04:38]} a6 {[%emt 0:05:35]} 6. O-O {[%emt 0:07:30]} Qc7 {[%emt 0:03:18]} 7. d4 {[%emt 0:08:30]} cxd4 {[%emt 0:00:33]} 8. Nxd4 {[%emt 0:00:05]} Be7 {[%emt 0:02:25]} 9. Nf3 {[%emt 0:07:40]} d6 {[%emt 0:08:30]} 10. Qe2 {[%emt 0:07:47]} O-O {[%emt 0:06:03]} 11. Bg5 {[%emt 0:03:39]} h6 {[%emt 0:05:42]} 12. Be3 {[%emt 0:07:45]} Nd7 {[%emt 0:15:37]} 13. Rad1 {[%emt 0:07:36]} b5 {[%emt 0:08:29]} 14. a3 {[%emt 0:06:31]} Bb7 {[%emt 0:03:22]} 15. Nd4 {[%emt 0:07:43]} Na5 {[%emt 0:03:35]} 16. Nb1 {[%emt 0:03:20]} Rac8 {[%emt 0:04:45]} 17. c3 {[%emt 0:01:17]} Nc4 {[%emt 0:03:26]} 18. Bc1 {[%emt 0:00:59]} Rfd8 {[%emt 0:05:21]} 19. f4 {[%emt 0:03:17]} Bf6 {[%emt 0:02:49]} 20. Kh1 {[%emt 0:01:41]} Na5 {[%emt 0:04:15]} 21. g4 {[%emt 0:04:46]} Bxd4 {[%emt 0:03:34]} 22. Rxd4 {[%emt 0:01:00]} Nb3 {[%emt 0:00:02]} 23. Rdd1 {[%emt 0:04:48]} Nxc1 {[%emt 0:00:19]} 24. Rxc1 {[%emt 0:00:01]} Qc5 {[%emt 0:02:55]} 25. Nd2 {[%emt 0:00:39]} e5 {[%emt 0:01:59]} 26. g5 {[%emt 0:02:24]} hxg5 {[%emt 0:02:53]} 27. fxg5 {[%emt 0:00:07]} Nf8 {[%emt 0:00:51]} 28. b4 {[%emt 0:04:23]} Qc7 {[%emt 0:01:19]} 29. Rf3 {[%emt 0:01:25]} Qe7 {[%emt 0:00:23]} 30. Rcf1 {[%emt 0:00:37]} Qxg5 {[%emt 0:00:44]} 31. Rxf7 {[%emt 0:00:21]} Rd7 {[%emt 0:00:02]} 32. Qf2 {[%emt 0:00:24]} Qd8 {[%emt 0:01:50]} 33. Bh3 {[%emt 0:00:31]} Rxf7 {[%emt 0:00:29]} 34. Qxf7+ {[%emt 0:00:02]} Kh8 {[%emt 0:00:09]} 35. Bxc8 {[%emt 0:00:32]} 1-0

[Event "EIWCC 2018"]
[Site "Vysoke Tatry"]
[Date "2018.04.10"]
[Round "3"]
[White "Nadzamova, Viktoria"]
[Black "Antolak, Julia"]
[Result "0-1"]
[WhiteElo "1766"]
[BlackElo "2212"]
[Annotator "NA"]
[PlyCount "98"]
[EventDate "2018.??.??"]
[EventType "swiss"]
[EventCountry "SVK"]
[SourceTitle "playchess.com"]
[Source "ChessBase"]
[SourceQuality "1"]
[TimeControl "40/5400+30:1800+30"]

1. e4 {[%emt 0:00:00]} c5 {[%emt 0:00:05]} 2. Nf3 {[%emt 0:00:00]} Nc6 {[%emt 0:00:04]} 3. Bb5 {[%emt 0:00:00]} g6 {[%emt 0:04:15]} 4. O-O {[%emt 0:00:13]} Bg7 {[%emt 0:00:26]} 5. Re1 {[%emt 0:01:29]} Nf6 {[%emt 0:03:19]} 6. c3 {[%emt 0:03:16]} O-O {[%emt 0:02:33]} 7. d4 {[%emt 0:02:06]} cxd4 {[%emt 0:02:12]} 8. cxd4 {[%emt 0:00:10]} d6 {[%emt 0:02:48]} 9. h3 {[%emt 0:02:54]} a6 {[%emt 0:01:47]} 10. Bf1 {[%emt 0:00:59]} d5 {[%emt 0:05:15]} 11. e5 {[%emt 0:02:27]} Ne8 {[%emt 0:00:52]} 12. Nc3 {[%emt 0:11:57]} e6 {[%emt 0:05:19]} 13. Nh2 {[%emt 0:10:39]} Qb6 {[%emt 0:06:39]} 14. Ne2 {[%emt 0:00:46]} f6 {[%emt 0:00:22]} 15. exf6 {[%emt 0:10:11]} Nxf6 {[%emt 0:01:39]} 16. b3 {[%emt 0:07:18]} Ne4 {[%emt 0:02:27]} 17. Be3 {[%emt 0:00:38]} Nd6 {[%emt 0:05:49]} 18. Qd2 {[%emt 0:18:19]} Bd7 {[%emt 0:01:04]} 19. g4 {[%emt 0:01:54]} Rf7 {[%emt 0:04:37]} 20. Bg2 {[%emt 0:02:42]} Nb5 {[%emt 0:06:11]} 21. Rad1 {[%emt 0:00:38]} Bf8 {[%emt 0:00:47]} 22. Qc2 {[%emt 0:01:47]} Rc8 {[%emt 0:03:49]} 23. Qb1 {[%emt 0:01:32]} Nb4 {[%emt 0:05:05]} 24. Rd2 {[%emt 0:01:09]} Na3 {[%emt 0:04:27]} 25. Qb2 {[%emt 0:01:26]} Bb5 {[%emt 0:09:33]} 26. Red1 {[%emt 0:05:50]} Qa5 {[%emt 0:03:49]} 27. Nf4 {[%emt 0:03:32]} Rc6 {[%emt 0:02:05]} 28. Rc1 {[%emt 0:01:45]} Rfc7 {[%emt 0:06:52]} 29. Rxc6 {[%emt 0:00:14]} Rxc6 {[%emt 0:00:04]} 30. Nf3 {[%emt 0:01:13]} Bd6 {[%emt 0:04:33]} 31. Bf1 {[%emt 0:03:05]} Bxf1 {[%emt 0:03:02]} 32. Kxf1 {[%emt 0:00:09]} Qb5+ {[%emt 0:01:55]} 33. Kg2 {[%emt 0:00:28]} Nbc2 {[%emt 0:00:25]} 34. Nd3 {[%emt 0:01:11]} Bb4 {[%emt 0:01:31]} 35. Nxb4 {[%emt 0:01:43]} Qxb4 {[%emt 0:00:04]} 36. Ne5 {[%emt 0:00:11]} Rc3 {[%emt 0:00:59]} 37. Nd3 {[%emt 0:00:53]} Rxd3 {[%emt 0:00:10]} 38. Rxc2 {[%emt 0:01:43]} Nxc2 {[%emt 0:00:06]} 39. Qxc2 {[%emt 0:00:04]} Qc3 {[%emt 0:00:06]} 40. Qe2 {[%emt 0:00:00]} e5 {[%emt 0:02:21]} 41. Qf3 {[%emt 0:03:06]} Qc6 {[%emt 0:03:21]} 42. dxe5 {[%emt 0:02:18]} d4 {[%emt 0:03:10]} 43. Qxc6 {[%emt 0:00:12]} bxc6 {[%emt 0:00:04]} 44. Bc1 {[%emt 0:00:46]} Kf7 {[%emt 0:00:30]} 45. h4 {[%emt 0:01:51]} Ke6 {[%emt 0:01:04]} 46. f4 {[%emt 0:00:11]} h5 {[%emt 0:01:39]} 47. g5 {[%emt 0:05:27]} Kf5 {[%emt 0:00:22]} 48. b4 {[%emt 0:00:39]} Rd1 {[%emt 0:00:32]} 49. Bb2 {[%emt 0:00:41]} Rd2+ {[%emt 0:00:06]} 0-1

[Event "EIWCC 2018"]
[Site "Vysoke Tatry"]
[Date "2018.04.10"]
[Round "3"]
[White "Serakova, Tatana"]
[Black "Hereklioglu, Sude"]
[Result "0-1"]
[WhiteElo "1633"]
[BlackElo "2123"]
[Annotator "NA"]
[PlyCount "75"]
[EventDate "2018.??.??"]
[EventType "swiss"]
[EventCountry "SVK"]
[SourceTitle "playchess.com"]
[Source "ChessBase"]
[SourceQuality "1"]
[TimeControl "40/5400+30:1800+30"]

1. d4 Nf6 {[%emt 0:00:08]} 2. c4 {[%emt 0:00:00]} e6 {[%emt 0:00:05]} 3. Nf3 {[%emt 0:00:24]} b6 {[%emt 0:00:07]} 4. a3 {[%emt 0:00:31]} Bb7 {[%emt 0:00:59]} 5. Nc3 {[%emt 0:00:18]} d6 {[%emt 0:03:27]} 6. d5 {[%emt 0:02:22]} e5 {[%emt 0:00:33]} 7. e4 {[%emt 0:00:15]} g6 {[%emt 0:01:42]} 8. Bd3 {[%emt 0:03:23]} Bg7 {[%emt 0:00:33]} 9. O-O {[%emt 0:00:29]} O-O {[%emt 0:01:40]} 10. Ne1 {[%emt 0:08:34]} a5 {[%emt 0:02:42]} 11. Be3 {[%emt 0:01:27]} Nbd7 {[%emt 0:02:16]} 12. Bc2 {[%emt 0:03:54]} Nh5 {[%emt 0:14:07]} 13. g3 {[%emt 0:01:39]} Nc5 {[%emt 0:02:31]} 14. Nd3 {[%emt 0:05:35]} Bc8 {[%emt 0:09:56]} 15. Nxc5 {[%emt 0:19:38]} bxc5 {[%emt 0:01:41]} 16. Qd2 {[%emt 0:05:44]} Bh3 {[%emt 0:03:32]} 17. Rfe1 {[%emt 0:01:24]} f5 {[%emt 0:04:15]} 18. exf5 {[%emt 0:02:40]} gxf5 {[%emt 0:00:32]} 19. Bh6 {[%emt 0:04:08]} Qf6 {[%emt 0:02:05]} 20. Bxg7 {[%emt 0:05:23]} Qxg7 {[%emt 0:04:34]} 21. Bd1 {[%emt 0:02:35]} Nf6 {[%emt 0:05:14]} 22. f3 {[%emt 0:06:40]} Rae8 {[%emt 0:03:04]} 23. Bc2 {[%emt 0:05:02]} Kh8 {[%emt 0:10:50]} 24. Kh1 {[%emt 0:00:16]} Qg6 {[%emt 0:07:19]} 25. Ne2 {[%emt 0:07:14]} Qh5 {[%emt 0:01:16]} 26. Ng1 {[%emt 0:02:25]} e4 {[%emt 0:01:50]} 27. fxe4 {[%emt 0:01:51]} fxe4 {[%emt 0:00:15]} 28. Nxh3 {[%emt 0:02:39]} Qxh3 {[%emt 0:00:19]} 29. Rf1 {[%emt 0:02:32]} Ng4 {[%emt 0:00:54]} 30. Rxf8+ {[%emt 0:00:43]} Rxf8 {[%emt 0:00:06]} 31. Qg2 {[%emt 0:05:01]} Qxg2+ {[%emt 0:00:23]} 32. Kxg2 {[%emt 0:00:05]} Ne3+ {[%emt 0:00:05]} 33. Kh3 {[%emt 0:00:31]} Nxc2 {[%emt 0:00:19]} 34. Rc1 {[%emt 0:00:40]} Rf2 {[%emt 0:00:05]} 35. g4 {[%emt 0:00:27]} e3 {[%emt 0:00:34]} 36. Kg3 {[%emt 0:00:23]} Rd2 {[%emt 0:00:22]} 37. h4 {[%emt 0:00:57]} e2 {[%emt 0:00:08]} 38. Kf3 0-1